| 000 | 00728nam a2200265Mi 4500 | ||
|---|---|---|---|
| 001 | 84796 | ||
| 005 | 20230411085921.0 | ||
| 008 | 091102s2009 sp a 000 0 spa d | ||
| 035 | _a(OCoLC)ocn464746013 | ||
| 040 |
_aC3L _cC3L |
||
| 020 | _a9788449109140 | ||
| 020 | _a8449109140 | ||
| 029 | 0 |
_aC3L _b60682524 |
|
| 035 | _a(OCoLC)464746013 | ||
| 043 | _ae------ | ||
| 049 | _aGRAL | ||
| 050 | 1 | 4 | _a |
| 245 | 0 | 3 |
_aEl medio ambiente en Europa : _bcuarta evaluaciacion. |
| 260 |
_aMadrid : _bMinisterio de agricultura, pesca y alimentacion, _c2009. |
||
| 300 |
_a452 p. : _bcol. ill. ; _c30 cm. |
||
| 938 |
_aCasalini Libri _bCASA _n60682524 _c34.00 EUR |
||
| 942 |
_2lcc _cbk |
||
| 946 | _arpeƱa | ||
| 994 |
_aC0 _bDRFGD |
||
| 999 |
_c109275 _d109275 |
||